000 01191nam0a22002651 4500
001 rc\3547996
005 20260407014328.0
021 _aRU
_bРг8204-72
021 _aRU
_b72-5369
035 _a(NLR Aleph) 007636420
090 _a6078844
_c6078844
100 _a20130115d1971 |||y0rusy50 ca
101 0 _arus
102 _aRU
105 _aa z |||||
200 1 _aВременная инструкция по проветриванию подземных горноразведочных выработок россыпных месторождений
_eУтв. 27/IX 1971 г.
_fМЦМ СССР. Союзное произв. ордена Труд. Красного Знамени объединение "Северовостокзолото". Геол.-маркшейдерское упр.
210 _aМагадан
_cОтд. техн. информации
_d1971
215 _a27 с.
_cил.
_d20
320 _aБиблиогр.: с. 26
712 0 2 _a"Северовостокзолото", объединение
_cМагадан
_3RU\NLR\AUTH\8810002638
_9502501
801 0 _aRU
_bNLR
_gpsbo
801 1 _aRU
_bELAR
_2rusmarc
852 _aNLR
_j72-4/13223
942 _cBOOK
980 _aNB